[Event "Montigny le Bretonneux op 24th"]
[Site "Montigny le Bretonneux"]
[Date "2022.05.29"]
[Round "8"]
[White "Couradin, Bruno"]
[Black "Ruiz, Alexandra"]
[Result "1-0"]
[WhiteElo "1411"]
[BlackElo "1199"]
[PlyCount "81"]
[EventDate "2022.05.26"]
[EventType "swiss"]
[EventRounds "9"]
[EventCountry "FRA"]
[SourceTitle "CBM 208 Extra"]
[Source "ChessBase"]
[SourceDate "2022.07.31"]
[SourceVersion "1"]
[SourceVersionDate "2022.07.31"]
[SourceQuality "1"]

1. d4 Nf6 2. c4 g6 3. Nc3 Bg7 4. e4 d6 5. Nf3 e5 6. dxe5 Ng4 7. exd6 cxd6 8. Bd2 0-0 9. Be2 Nc6 10. 0-0 Re8 11. Rc1 a6 12. Re1 Qb6 13. Rf1 Qxb2 14. h3 Nge5 15. Qb3 Qxb3 16. axb3 Nb4 17. Nxe5 Bxe5 18. Nd5 Nxd5 19. exd5 Bd7 20. Rfe1 Rac8 21. Bd3 b6 22. f4 Bd4+ 23. Kf1 f5 24. Bb4 Bc5 25. Bd2 Bd4 26. g3 h5 27. Re2 Rxe2 28. Bxe2 Re8 29. Bc3 Bg7 30. Bxg7 Kxg7 31. Kf2 Kf6 32. b4 a5 33. bxa5 bxa5 34. Ra1 a4 35. Bd1 Ra8 36. Ke3 g5 37. Kd4 g4 38. h4 a3 39. Kc3 a2 40. Bb3 Ra3 41. Kb2 1-0

[Event "Montigny le Bretonneux op 24th"]
[Site "Montigny le Bretonneux"]
[Date "2022.05.26"]
[Round "1"]
[White "Ruiz, Alexandra"]
[Black "Privat, Jean Claude"]
[Result "0-1"]
[WhiteElo "1199"]
[BlackElo "1527"]
[PlyCount "64"]
[EventDate "2022.05.26"]
[EventType "swiss"]
[EventRounds "9"]
[EventCountry "FRA"]
[SourceTitle "CBM 208 Extra"]
[Source "ChessBase"]
[SourceDate "2022.07.31"]
[SourceVersion "1"]
[SourceVersionDate "2022.07.31"]
[SourceQuality "1"]

1. e4 e5 2. Nf3 Nc6 3. Bc4 Bc5 4. c3 Nf6 5. d4 exd4 6. cxd4 Bb4+ 7. Nc3 d5 8. exd5 Nxd5 9. 0-0 Be6 10. a3 Be7 11. Re1 Nxc3 12. Qd3 Bxc4 13. Qxc4 Nd5 14. b4 0-0 15. Bb2 Bf6 16. Rad1 Nb6 17. Qb3 Qd5 18. Qc2 Rac8 19. Ne5 Rfe8 20. Nxc6 Rxe1+ 21. Rxe1 bxc6 22. Qe2 h6 23. Rc1 Qd7 24. d5 Bxb2 25. dxc6 Qd4 26. Rd1 Qf6 27. Rd2 Be5 28. Qd1 Bd6 29. h3 Re8 30. Qf1 Qe5 31. g3 Qe1 32. Kg2 Qxd2 0-1